| 000 | 00791nam a2200241Ia 4500 | ||
|---|---|---|---|
| 003 | OSt | ||
| 005 | 20220923211503.0 | ||
| 006 | a|||||r|||| 00| 0 | ||
| 007 | ta | ||
| 008 | Pun | ||
| 020 |
_a9789352045198 (hbk) _c395 |
||
| 024 | _a324,111 | ||
| 037 |
_b777, 27/02/2017, H.K. Prakashan _cTextual |
||
| 040 |
_aARTS _cARTS _bPun |
||
| 041 |
_2Pun _aPun |
||
| 082 | _aMV41.243, 153Q6 | ||
| 100 |
_aਮਠਾਰੂ, ਮਲਦੀਪ ਕੌਰ, ਂਚ. _9160606 |
||
| 245 | 0 | _aਪੰਜਾਬ ਦੇ ਲੋਕ Fਸਤਰ | |
| 260 |
_aਚੰਡੀਗੜ _b ਯਸ਼ਨੀਸਟਾਰ _c2016 |
||
| 300 |
_a233ਪੰ _ccm. |
||
| 942 |
_hMV41.243, 153Q6 _cTEXL _2CC |
||
| 999 |
_c300033 _d300033 |
||